000 01506cam a2200445 4500
999 _c23384
_d23384
001 vtls012145420
005 20221006120534.0
008 220804s2022 xo gr 010 f slo
020 _a9788055646855
_q(viazané)
040 _aGAGK
_bslo
_cGAGK
_dSNK
_erda
041 1 _aslo
_heng
044 _axo
_cSK
072 7 _a821.111-3
_xAnglická próza, anglicky písaná
_2konspekt
080 _a821.111-3
_22011
080 _a(0:82-311.6)
_22011
080 _a(410.1)
_22011
100 1 _aGregory, Philippa,
_d1954-
_4aut
_93578
240 1 4 _aThe White Queen
_lSlovensky
245 1 0 _aBiela kráľovná
_cPhilippa Gregory ; z angličtiny preložil Štefan Greňa
246 1 _iObálkový podnázov:
_aVojna ruží pokračuje
264 1 _aBratislava
_bSlovart
_c2022
300 _a398 strán
_c24 cm
336 _atext
_btxt
_2rdacontent
337 _abez média
_bn
_2rdamedia
338 _azväzok
_bnc
_2rdacarrier
500 _aObsahuje biografické údaje o autorke na záložke prebalu publikácie
500 _aNázov série z externého zdroja
648 7 _a15. storočie
_2SNKPH
_93579
648 7 _a15th century
_2SNKPHeng
_93580
651 7 _aAnglicko
_2SNKPHgeo
_93581
651 7 _aEngland
_2SNKPHeng
_93582
655 7 _aanglické romány
_2SNKPH
_98
655 7 _ahistorické romány
_2SNKPH
_91688
655 7 _aEnglish fiction
_2SNKPHeng
_99
655 7 _aHistorical novels
_2SNKPHeng
_91689
700 1 _aGreňa, Štefan
_4trl
_93583
958 _aNB
958 _aLX
958 _aUP